Ultimate DC Character Quiz - Statistics

General Stats
  • This quiz has been taken 861 times
    849 since last reset
  • The average score is 58 of 114
Answer Stats
Answer % Correct
Batman
100%
Batgirl
99%
Batwoman
99%
Superman
98%
Green Arrow
96%
Green Lantern (Hal Jordan)
96%
Green Lantern (John Stewart)
96%
Robin (Damian Wayne)
96%
Wonder Woman
96%
Joker
95%
Kid Flash
95%
Robin (Tim Drake)
95%
Reverse Flash
94%
Flash
92%
Aquaman
89%
Cyborg Superman
89%
Cyborg
88%
Atrocitus
87%
Harley Quinn
84%
Nightwing
79%
Catwoman
78%
Starfire
78%
Star Sapphire
78%
Supergirl
77%
Lex Luthor
75%
Penguin
75%
Beast Boy
73%
Martian Manhunter
73%
Raven
73%
Bane
71%
Deadman
71%
Deadshot
71%
Poison Ivy
71%
Shazam
69%
Two-Face
68%
The Riddler
67%
Black Canary
66%
Deathstroke
66%
Hawk
66%
Mister Freeze
64%
Darkseid
63%
Superboy
63%
The Atom
60%
Hawkgirl
58%
Scarecrow
58%
Captain Atom
57%
Killer Croc
57%
Hawkman
55%
Sinestro
55%
Red Hood
54%
Arsenal
53%
Blue Beetle
53%
Black Adam
52%
Zatanna
52%
Aqualad
51%
Captain Cold
51%
Doomsday
51%
Dr. Fate
51%
Ra's Al Ghul
51%
Cheetah
49%
Clayface
45%
Anti-Monitor
44%
Black Manta
44%
Brainiac
44%
Commissioner Gordon
43%
Lois Lane
43%
Wondergirl
42%
Booster Gold
40%
Gorilla Grodd
40%
Talia Al Ghul
40%
General Zod
39%
Professor Zoom
39%
Ares
38%
Firestorm
38%
Huntress
38%
Plastic Man
38%
Swamp Thing
38%
Captain Boomerang
36%
Killer Frost
36%
Solomon Grundy
33%
Bizarro
32%
Mera
32%
Miss martian
32%
Red Tornado
31%
Dove
30%
Black Lightning
28%
Katana
28%
Powergirl
28%
Ocean Master
27%
Lobo
26%
Vixen
26%
Elongated Man
25%
Amanda Waller
23%
Alfred Pennyworth
21%
Jimmy Olsen
21%
Hugo Strange
20%
Question
20%
Steel
18%
Vandal Savage
18%
Mister Miracle
17%
Spectre
17%
Orion
15%
Catman
14%
Mr. Terrific
13%
Metamorpho
12%
John Constantine
10%
Jonah Hex
10%
Mongul
10%
Parallax
10%
Phantom Stranger
10%
Bronze Tiger
9%
Geoforce
9%
Creeper
5%
Ragdoll
3%
No matching quizzes found
Score Distribution
Percent of People with Each Score
Percentile by Number Answered
Your Score History
You have not taken this quiz since the last reset